01124nam a2200193Ia 4500001001000000003001000010008004100020040002500061041001300086100002500099245006000124250001100184260009200195300002900287500023200316501011400548520023200662650003600894L200-2643IT-CnALBA170116s9999||||xx |||||||||||||| ||und|| aIT-CnALBAcIT-CnALBA aITALIANO aFORTE BRUNO, TEOLOGO 0aSUI SENTIERI DELL'UNO. SAGGI DI STORIA DELLA TEOLOGIA.  a1a ed. aCINISELLO BALSAMO (MI)bEDIZIONI PAOLINEc1992 [1° Ed.:1992 - Ed.Ling.Originale: 1992] a298 p. (prefazione: 510) aPRESENTAZIONE. DIONIGI. TRINITÀ, CHIESA E STORIA. GIUSTIFICAZIONE. RIVOLUZIONE E TEOLOGIA. DIVINITÀ NELL'UOMO. RIVELAZIONE ED ERMENEUTICA. MODERNITÀ E CRISTIANESIMO. NOSTALGIA DI UNITÀ. CONCLUSIONE. NOTA BIBLIOGRAFICA.  aSocietà San Paolo EM - Piazza San Paolo, 14 - 12051 ALBA (CN) (non commercial uses only) ® Copyright 2017 aPRESENTAZIONE. DIONIGI. TRINITÀ, CHIESA E STORIA. GIUSTIFICAZIONE. RIVOLUZIONE E TEOLOGIA. DIVINITÀ NELL'UOMO. RIVELAZIONE ED ERMENEUTICA. MODERNITÀ E CRISTIANESIMO. NOSTALGIA DI UNITÀ. CONCLUSIONE. NOTA BIBLIOGRAFICA.  aRELIGIONE - RELIGIONE CRISTIANA